000
00361nam a2200133Ia 4500
003
GCL
008
140319s9999 xx 000 0 ara d
040
_a
GCL /
_c
GCL
082
0
4
_a
د
_b
050
100
1
_a
بنت الشاطى
245
1
0
_a
مع المصطفى فى عصر المبعث (اقرا 323 ) /
_c
بنت الشاطى
300
_a
240
490
_a
اقرأ
_v
0
999
_c
48556
_d
48556